Dogs / (Record no. 2037)

MARC details
000 -LEADER
fixed length control field 01046nam a22003017a 4500
001 - CONTROL NUMBER
control field 2037
003 - CONTROL NUMBER IDENTIFIER
control field FISKH
005 - DATE AND TIME OF LATEST TRANSACTION
control field 20231101135003.0
008 - FIXED-LENGTH DATA ELEMENTS--GENERAL INFORMATION
fixed length control field 231101b cb ||||| |||| 00| 0 eng d
020 ## - INTERNATIONAL STANDARD BOOK NUMBER
International Standard Book Number 9780439689861
020 ## - INTERNATIONAL STANDARD BOOK NUMBER
International Standard Book Number 0439689861
040 ## - CATALOGING SOURCE
Original cataloging agency FISKH
Language of cataloging eng
Transcribing agency FISKH
Modifying agency FISKH
082 ## - DEWEY DECIMAL CLASSIFICATION NUMBER
Classification number 636.7
100 ## - MAIN ENTRY--PERSONAL NAME
Personal name Helbrough, Emma
245 ## - TITLE STATEMENT
Title Dogs /
Statement of responsibility, etc. Emma Helbrough ; Designed by Josephine Thompson ; illustrated by Patrizia Doaera and Uwe Mayer ; Dog consultant : Emma Milne ; Reading consultant : Alison Kelly ; Roehampton University of Surrey.
260 ## - PUBLICATION, DISTRIBUTION, ETC.
Place of publication, distribution, etc. London :
Name of publisher, distributor, etc. Scholastic,
Date of publication, distribution, etc. 2003.
300 ## - PHYSICAL DESCRIPTION
Extent 32 pages :
Other physical details color illustrations ;
Dimensions 21 cm
505 ## - FORMATTED CONTENTS NOTE
Formatted contents note G<br/>
520 ## - SUMMARY, ETC.
Summary, etc. Find the answers to a variety of questions about the curious world of cats.
521 8# - TARGET AUDIENCE NOTE
Target audience note 410<br/>
Source Lexile estimate <br/>
521 8# - TARGET AUDIENCE NOTE
Target audience note G<br/>
Source Raz-Plus<br/>
650 ## - SUBJECT ADDED ENTRY--TOPICAL TERM
Topical term or geographic name entry element Dogs
Form subdivision Nonfiction
650 ## - SUBJECT ADDED ENTRY--TOPICAL TERM
Topical term or geographic name entry element Different dogs
650 ## - SUBJECT ADDED ENTRY--TOPICAL TERM
Topical term or geographic name entry element Animal
700 ## - ADDED ENTRY--PERSONAL NAME
Personal name Donaera, Patrizia
Relator term illustrator
700 ## - ADDED ENTRY--PERSONAL NAME
Personal name Mayer, Uwe
Relator term illustrator
942 ## - ADDED ENTRY ELEMENTS (KOHA)
Source of classification or shelving scheme Dewey Decimal Classification
Koha item type Books
Suppress in OPAC No
Holdings
Withdrawn status Lost status Source of classification or shelving scheme Damaged status Not for loan Collection Home library Current library Shelving location Date acquired Total Checkouts Full call number Barcode Date last seen Date last checked out Price effective from Koha item type
    Dewey Decimal Classification     Non-Fiction Footprints International School Library Network Toul Kork Campus Footprints International School Library Network Toul Kork Campus TK Primary Library Room(4th Floor), Bookcase 1&2, Shelves 1-16, Dark Blue Books 11/01/2023 1 HEL 636.7 FISBK05946 06/09/2025 12/03/2024 11/01/2023 Books